Statistics for Foods that Start with O

Click here to take the quiz!

General Stats

  • This quiz has been taken 50,397 times
    (28,346 since last reset)
  • The average score is 10 of 12

Answer Stats

Answer% Correct
Orange
100%
Onion
99%
Oreos
99%
Olives
96%
Octopus
94%
Omelette
92%
Oysters
89%
Oregano
86%
Oatmeal
77%
Okra
58%
Oxtail
41%
Orzo
40%

Score Distribution

Percentile by Number Answered

Percent of People with Each Score

Your Score History

You have not taken this quiz since the last reset